La diversidad y lo diferente /
Salvato in:
| Autore principale: | |
|---|---|
| Natura: | Sconosciuto |
| Pubblicazione: |
México, D.F.:
Universidad Nacional Autónoma de México. Programa Universitario de Estudios de Género
|
| Tags: |
Aggiungi Tag
Nessun Tag, puoi essere il primo ad aggiungerne!!
|
MARC
| LEADER | 00000 a2200000 04500 | ||
|---|---|---|---|
| 001 | 35621 | ||
| 003 | cru CIDCACS/IIS | ||
| 005 | 20170526113739.0 | ||
| 008 | 991231s d | ||
| 020 | |a 970-701-542-X | ||
| 022 | |a 970-701-542-X | ||
| 040 | |c CIDCACS/IIS | ||
| 090 | |a 05.03.01 C271s | ||
| 100 | 1 | |a Cabrera, Ana Patricia |9 4904 | |
| 245 | |a La diversidad y lo diferente / |c Ana Patricia Cabrera | ||
| 260 | |a México, D.F.: |b Universidad Nacional Autónoma de México. Programa Universitario de Estudios de Género | ||
| 300 | |a Páginas 145-158 | ||
| 700 | |a | ||
| 942 | |2 ddc |c LI | ||
| 773 | 0 | |0 406 |9 988 |a Careaga Pérez, Gloria |d México, D.F.: Universidad Nacional Autónoma de México. Programa Universitario de Estudios de Género |o 03450 |t Sexualidades diversas : |w (cru CIDCACS/IIS)35620 |x 970-701-542-X |z 970-701-542-X | |
| 999 | |c 7842 |d 7842 | ||



